000 00864nam a2200265Ia 4500
003 OSt
005 20220928130350.0
006 a|||||r|||| 00| 0
007 ta
008 220927b |||||||| |||| 00| 0 eng d
020 _c7802.75
024 _a128819
037 _b190, 03/03/2016, Excel Book International
_cTextual
040 _aSDCL
_cSDCL
_beng
041 _2eng
_aeng
082 _aV43:24'N, Q0
100 _aBertrand Jacques Ed.
_9473695
245 0 _aMultination states in Asia
_b Accommodation or Resistance
260 _aCambridge
_bCambridge University Press
_c2010
300 _axx;330p.
_ccm.
650 _aPolitical Science
700 _a Laliberte Andre Ed.
_9473696
942 _hV43:24'N, Q0
_cTEXL
_2CC
999 _c786291
_d786291